000 00399nam a2200145Ia 4500
003 LK-CoDNM
008 010623t1927 xxu||||| |||| 00| 1 eng d
040 _aLK-CoDNM
_dLK-CoDNM
_eLK-CoDNM
041 _aeng
080 _a50
_bC11
245 _aA Choes of the Jubilee year : Kandy Girl's Jubilee Club,Magazine
260 _bWesleyan Mission
_aWellawaththa
_c1927
300 _b15P., 20 cm
942 _cBK
999 _c93726
_d93726